| 000 | 00622nam a2200217Ia 4500 | ||
|---|---|---|---|
| 003 | IIN | ||
| 005 | 20250530121653.0 | ||
| 008 | 250530s2025 xx adc 001 0 eng d | ||
| 020 |
_a9789366161686 _cRs.795.00 |
||
| 040 |
_aIIN _bEnglish |
||
| 082 |
_a610.7368 _bSRE |
||
| 100 | 1 | _aSreevani, R | |
| 245 | 1 | 0 |
_aA Guide to Mental Health & Psychiatric Nursing _bSemester - V & VI / _cR. Sreevani |
| 250 | _a6th ed | ||
| 260 |
_aNew Delhi _bJaypee _c2025 |
||
| 300 |
_axxxiv,553p. _bcol. ill. |
||
| 500 | _aIncludes Index | ||
| 650 |
_aMental Health _vNursing |
||
| 650 |
_aPsychiatric Nursing _vNursing |
||
| 942 | _cBOOK | ||
| 999 |
_c1850 _d1850 |
||